| 000 | 00918cam a22001814a 4500 | ||
|---|---|---|---|
| 005 | 20250605164347.0 | ||
| 008 | 250528s ||||||||||||||||||||||||d | ||
| 035 | _a23953 | ||
| 040 |
_aGR-AtMCL _bgre _dGR-AtMCL _eAACR2 |
||
| 245 | 1 | _aΤεχνολογία AI στο Media Planning: Η Εποχή του Μετρήσιμου ROI Ξεκίνησε / IRA Media | |
| 260 | _c2018 | ||
| 520 | _aΟ Δρόμος της Καινοτομίας Έχει Αφετηρία και Προορισμό τον Άνθρωπο, Αποκαλύπτοντας την Επόμενη Μέρα του Data Economy, Ενημέρωση και Ψυχαγωγία σε 'Πρώτο Πλάνο', Πόσο Εύκολα Μοιράζονται οι Έλληνες τα Δεδομένα τους. | ||
| 700 | 1 |
_aΜπούσιας Μιχάλης Κ _99357 |
|
| 942 | _cCR | ||
| 710 | 2 |
_aMarketing Week _99824 |
|
| 999 |
_c8864 _d8864 |
||